00443pab a2200145 454500008004000000100002200040245009500062260000900157300001500166362000800181650001800189700002300207700002200230773004500252180718b2011 xxu||||| |||| 00| 0 eng d aStazyk, Edmund C. aUnderstanding effective organizational commitment: The importance of institutional context c2011 ap.603-624. aNov aOrganizations aWright, Bradley E. aPandey, Sanjay K. aAmerican Review of Public Administration